000 00720nam a2200253Ia 4500
005 20260121161314.0
008 008 260114s9999 xx 000 0 eng d
020 _a9781003363804
037 _aEBOOK
040 _aCRL
040 _beng
040 _cCRL
041 _2eng
041 _aeng
084 _qCRL
100 _aMichelle D. Fabiani; Kate Melody Burmon; Saskia Hufnagel
_91042737
245 0 _aCultural Property Crime and the Law : Legal Approaches to Protection, Repatriation, and Countering Illicit Trade
260 _bTaylor and Francis
260 _c2024
856 _uhttp://www.taylorfrancis.com/books/9781003363804
942 _cEBOOK
999 _c1609553
_d1609553